| 000 | 00783nam a22002651 4500 | ||
|---|---|---|---|
| 001 | 23052 | ||
| 003 | BD-RjUL | ||
| 005 | 20211209000903.0 | ||
| 008 | 140310s1949 enkf 001 0 eng | ||
| 035 | _a(BD-RjUL)23117 | ||
| 035 | _a(OCoLC)4795549 | ||
| 040 |
_aDLC _cTMSC _dTMSC _dDLC _dBD-RjUL _beng |
||
| 041 | _aeng | ||
| 082 | 0 | 0 |
_a956.9 _bMAM 1949 |
| 100 | 1 |
_aMackworth, Cecily. _971091 |
|
| 245 | 1 | 4 |
_aThe mouth of the sword / _c Cecily Mackworth. |
| 260 |
_aLondon : _bRoutledge & K. Paul, _c1949. |
||
| 300 |
_avii, 247 p. : _billus. ; _c23 cm. |
||
| 504 | _aIncludes index. | ||
| 651 | 0 |
_aPalestine _xPolitics and government. _971092 |
|
| 651 | 0 |
_aMiddle East _xPolitics and government. _971093 |
|
| 942 |
_2ddc _cBK |
||
| 999 |
_c23052 _d23052 |
||